| 000 | 00434nam a2200145Ia 4500 | ||
|---|---|---|---|
| 999 |
_c7993 _d7993 |
||
| 020 | _a9788182120025 | ||
| 082 | _a305.8054 PER; | ||
| 100 | _aSharma, Takhelchangbam Geetcha | ||
| 245 | 0 | _aPersonality characteristics of the Meeteis in North Eastern India | |
| 260 |
_aNew Delhi _bLakshi Publishers _c2012 |
||
| 300 | _axxiv, 248 | ||
| 504 | _aincludes index and bibliography | ||
| 650 |
_aMEETEIS,THE _vTRIBES AND TRIBALS |
||
| 942 | _cBK | ||